Muros de contención: tratado teórico y práctico
שמור ב:
| Main Authors: | , |
|---|---|
| פורמט: | ספר |
| שפה: | ספרדית |
| יצא לאור: |
Barcelona
Técnicos Asociados
1968
|
| נושאים: | |
| תגים: |
הוספת תג
אין תגיות, היה/י הראשונ/ה לתייג את הרשומה!
|
MARC
| LEADER | 00000nam a2200000 a 4500 | ||
|---|---|---|---|
| 001 | UCV5693 | ||
| 003 | CL-VaPUC | ||
| 008 | 890804e19680000SP |||||||||||||||||spa|d | ||
| 082 | 0 | 4 | |a 624.16 |b REI |2 21 |
| 100 | 0 | |a Reimbert, Marcel |e author |9 299980 | |
| 700 | 0 | |a Reimbert, André |e author |9 299981 | |
| 245 | 1 | 0 | |a Muros de contención: tratado teórico y práctico |
| 300 | |a 244 p | ||
| 942 | |c BK | ||
| 945 | |d 19890804 00:00:00 | ||
| 260 | |a Barcelona |b Técnicos Asociados |c 1968 | ||
| 650 | 0 | |a Muros de contención |9 262537 | |
| 583 | |a last modification |c 19890804 00:00:00 |k Rodrigo Vera | ||
| 999 | |c 212108 |d 212106 | ||
| 952 | |0 0 |1 0 |4 0 |6 624_160000000000000_REI_1968 |7 0 |8 A |9 192537 |a BIBING |b BIBING |d 2019-11-14 |i 2600277 |l 2 |o 624.16 REI 1968 |p 2600277 |r 2025-01-20 |s 2023-11-16 |w 2019-11-14 |y BK |k CCL | ||